000 00216nam a2200097Ia 4500
008 190216s9999||||xx |||||||||||||| ||und||
100 _aGovindan Adiyodi
245 0 _aTheyyavum Thirayum
260 _bNull
942 _cBK
999 _c24378
_d24378